[Event "Poikovsky Karpov 16th"]
[Site "Poikovsky"]
[Date "2015.09.28"]
[Round "1"]
[White "Morozevich, Alexander"]
[Black "Bologan, Viktor"]
[Result "0-1"]
[WhiteElo "2711"]
[BlackElo "2607"]
[Annotator "Schulz,Andre"]
[PlyCount "60"]
[EventDate "2015.09.28"]
[EventType "tourn"]
[EventRounds "9"]
[EventCountry "RUS"]
[EventCategory "17"]
[SourceTitle "CBM 169"]
[Source "ChessBase"]
[SourceDate "2015.11.10"]
[SourceVersion "1"]
[SourceVersionDate "2015.11.10"]
[SourceQuality "1"]

1. Nf3 d5 2. g3 c6 3. Bg2 Bf5 4. c4 e6 5. Qb3 Qb6 6. d3 Nf6 7. Be3 Qxb3 8. axb3
a6 9. Nh4 Bg6 10. f4 Nbd7 11. h3 Bb4+ 12. Kd1 O-O 13. Nd2 Rfd8 14. Kc2 b5 15.
Rhd1 a5 16. Nxg6 hxg6 17. Nf3 Re8 18. Nd4 Rac8 19. Bd2 Nh5 {Weiß hat seinem
Naturell entsprechend teiweise etwas extravagant gespielt, die Stellung
befindet sich aber weiter im Gleichgewicht. Allerdings muss nun das Problem
mit dem Bauern g3 gelöst werden.} 20. cxb5 $2 {Öffnet die c-Line - für
Schwarz...} (20. g4 $2 {geht nicht:} Bxd2 21. Rxd2 Nxf4) ({Eine Lösung wäre
aber} 20. Be1 Bxe1 21. Rxe1 Nxg3 22. Rxa5) 20... cxb5+ 21. Kb1 Nxg3 22. Nxb5 (
22. Bxb4 axb4 23. Ra5 Rc5 24. Bf3 $15 {hielte den Schaden in Grenzen.}) 22...
Rb8 ({Spielbar war auch} 22... Nxe2 23. Bxb4 axb4 24. Nd6 Nc5 25. Nxe8 Rxe8 $19
{und die schwarzen Springer sind dominant, der Lg2 hat keine Wirkung.}) 23. Nd4
Nc5 24. Be3 Nf5 25. Nxf5 gxf5 {[#]} 26. Ka2 $2 {Deckt weder b4, noch ist der
König hier in Sicherheit.} (26. Bxc5 Bxc5 27. Rxa5 Be3 $17) 26... Nxb3 27.
Rab1 (27. Kxb3 Bd2+ $19) 27... Bd6 $19 {Droht gelegentlich Tb4, Teb8 und Ta4
Matt. Weiß könnte sich noch mit Ld2 verteidigen, aber...} 28. Ba7 $2 Rb4 {
Nun droht das Manöver, eingeleitete mit Te7-b7 usw.} 29. e4 {[#] Eine
Nebelbombe ohne Wirkung.} Ra8 {Oder auch so...} 30. Be3 Rab8 0-1

[Event "GER-ch U20"]
[Site "Germany"]
[Date "1991.??.??"]
[Round "?"]
[White "Gueldner, Kurt"]
[Black "Schwarz, Michael"]
[Result "1-0"]
[WhiteElo "2310"]
[BlackElo "2315"]
[Annotator "Schwarz,M"]
[PlyCount "27"]
[EventDate "1991.??.??"]
[EventType "swiss"]
[EventRounds "9"]
[EventCountry "GER"]
[SourceTitle "TD"]
[Source "ChessBase"]
[SourceDate "1994.03.01"]
[SourceVersion "1"]
[SourceVersionDate "1994.03.01"]
[SourceQuality "1"]

1. Nf3 d5 2. g3 c6 3. Bg2 Nf6 4. O-O Bf5 $5 {(Eine physiologische Waffe! Vor
knapp 14 Tagen spielte ich gegen Kurt 4. ... g6 und gewann relativ leicht. Ich
fürchtete eine neue theoretische Keule!)} (4... g6) 5. d3 e6 6. c4 dxc4 7. dxc4
{(Die anspruchslose weiße Eröffnungsbehandlung erlaubt mir bequemen Ausgleich.)
} Na6 8. Nc3 Bc5 {(Diese Figur spielt im weiteren Partieverlauf eine tragische
Rolle. Hätte ich gewußt, was sich 6 Züge später ereignet, hätte ich diesen
Stein woanders hingezogen.)} 9. a3 $1 {(Idee b4)} Qxd1 10. Rxd1 Bc2 $1 11. Re1
Ne4 {(Droht Lf2: mit siegbringendem Angriff!)} 12. Nxe4 {(Clever gekontert!)}
Bxe4 13. b4 Bxf3 14. Bxf3 {(14...K??+-, die Entscheidung ist gefallen. Warum
ich auf die Fortsetzung 14. ... Ld4 15. Tb1 0-0-0 mit ungefährem Ausgleich
verzichtete, wird Michael C. Schwarz später einmal in seinen Memorien
veröffentlichen.)} 1-0

[Event "Sarajevo Bosnia 29th"]
[Site "Sarajevo"]
[Date "1999.05.20"]
[Round "4"]
[White "Shirov, Alexei"]
[Black "Short, Nigel D"]
[Result "1/2-1/2"]
[WhiteElo "2726"]
[BlackElo "2697"]
[Annotator "Shirov,A"]
[PlyCount "63"]
[EventDate "1999.05.17"]
[EventType "tourn"]
[EventRounds "9"]
[EventCountry "BIH"]
[EventCategory "19"]
[SourceTitle "CBM 071"]
[Source "ChessBase"]
[SourceDate "1999.08.01"]
[SourceVersion "1"]
[SourceVersionDate "1999.08.01"]
[SourceQuality "1"]

1. Nf3 {Horn,Pe} d5 2. g3 Bg4 3. Bg2 Nd7 4. c4 e6 5. cxd5 exd5 6. O-O Ngf6 7.
Nc3 c6 8. d3 Bc5 9. h3 Bxf3 ({Shirov selbst hätte wohl eher} 9... Bh5 {Horn,Pe
gespielt.}) 10. Bxf3 O-O 11. e4 $146 (11. Rb1 {Horn,Pe} a5 (11... Qe7 12. Bg2 (
12. e4) 12... Rad8 13. d4 $6 (13. a3) (13. Qc2) 13... Bd6 14. Bg5 h6 15. Bxf6
Nxf6 16. e3 h5 17. h4 g6 $15 {Lopushnoy,D-Dreev,A/Maikop 1998}) 12. a3 Qe7 13.
e4 dxe4 14. dxe4 Ne5 15. Bg2 Qe6 16. b4 axb4 17. axb4 Bb6 18. Na4 Rfd8 19. Qc2
Bd4 20. Nc5 Qe7 21. Bf4 h6 22. Nb3 $14 {Sakadin,A-Landenbergue,C/Harkany/1993})
(11. Bf4 {Horn,Pe} Re8 (11... Qe7 12. Qb3 (12. Rc1 Ne5 13. Bg2 Bd6 14. e4 dxe4
15. dxe4 Rad8 16. Qe2 Bc5 17. Rcd1 h6 18. Kh2 Rxd1 19. Rxd1 g5 20. Bxe5 Qxe5
$14 {Ivanov,J-Sherbakov,R/Cheliabinsk/1989}) 12... Ne5 13. Bg2 Ng6 14. Bg5 Rab8
15. e4 d4 16. Ne2 h6 17. Bd2 Rfd8 18. Kh2 Qc7 19. f4 $14 {Hadas,Y-Rotman,D/
Jerusalem 1996}) 12. Qc2 Bd4 13. Rad1 Ne5 14. Bg2 Ng6 $6 (14... Nh5 {Maric})
15. Bc1 a5 16. Kh2 h5 17. e4 h4 18. g4 $36 {Keene,R-Darga,K/Cheltenham 1971}) (
11. Bg2 {Horn,Pe} Re8 12. Kh2 (12. e4 dxe4 13. dxe4 Ne5 14. Bg5 h6 15. Bxf6
Qxf6 16. Qe2 Rad8 17. Rad1 b5 18. Kh2 Nc4 $15 {Ermolinski-Vorotnikov/Leningrad/
1983}) 12... Nf8 13. a3 a5 14. Bd2 b5 15. Rc1 Qb6 16. e4 dxe4 17. Nxe4 Nxe4 18.
Bxe4 $14 {Tseitlin-Mikenas/Spartakiade/1979}) (11. Qc2 {Horn,Pe} Re8 12. e4
dxe4 13. dxe4 Ne5 14. Be2 Qe7 15. Kg2 Ned7 16. Bd3 Bd4 17. Bg5 Nc5 18. Rfe1
Rad8 19. Rad1 h6 20. Bxf6 Qxf6 21. f4 Bxc3 22. bxc3 Qe6 $132 {Ninov,
K-Savchenko,S/Cap d'Agde 1994}) 11... dxe4 12. dxe4 Ne5 $5 13. Be2 (13. Bg2 Nd3
$11) 13... Re8 $1 (13... Qxd1 $2 14. Rxd1 Rad8 15. Bg5 $14) 14. Kg2 (14. Qc2 {
(Horn,Pe) ->Ninov-Savchenko, s.o.}) 14... Ng6 $1 {'!?' Horn,Pe. Horn,Pe: 'Erst
hiermit verabschiedet sich Short endgültig von der Möglichkeit, zur Partie
Ninov-Savchenko zurückzukehren. Die dort gewählte Fortsetzung (15...) Ne5-d7
sieht weniger konsequent aus.'} 15. Qc2 Qe7 16. f3 (16. Bg5 Bb4 $1) 16... Rad8
17. Bd2 {Horn,Pe: 'Wegen des schwarzen Figurendrucks gegen das Zentrum fällt
es Weiß schwer, seine Figuren effektiv zu plazieren.'} (17. a3 {Horn,Pe sieht
auch nicht besser aus.}) 17... Bd6 $1 {Horn,Pe: 'Bei abwartender Haltung
könnte Schwarz wegen des weißen Läuferpaars leicht einige Sorgen bekommen. Er
nutzt deswegen seine aktiveren Figuren zu konkreten Aktionen gegen den weißen
König.'} 18. Rad1 (18. Be1 $13) (18. Be3 {Horn,Pe} Nd5 $36) 18... Nh5 $1 {
Horn,Pe: 'Die Konsequenz des letzten Zuges.'} (18... Bxg3 19. Kxg3 Nh5+ 20. Kh2
Qh4 (20... Qe5+ 21. f4 Nhxf4 22. Bxf4 Nxf4 23. Kh1 Nxh3 24. Bg4 $14) 21. Rg1
$14) 19. f4 (19. Be1 $2 {Horn,Pe} Bxg3 $19) 19... Nxg3 $1 {Horn,Pe: 'Nur so!'}
20. Kxg3 Qg5+ $1 (20... Qh4+ 21. Kg2 Bxf4 (21... Nxf4+ {Horn,Pe} 22. Bxf4 Bxf4)
22. Be1 $14) 21. Kh2 (21. Bg4 $4 h5 22. e5 Qh4+ $19) 21... Nxf4 22. Bxf4 Bxf4+
23. Kh1 Qg3 24. Bg4 h5 $5 (24... Rxd1 25. Nxd1 (25. Rxd1 $2 h5 26. Bf5 g6 $15)
25... Rxe4 26. Qf2 $11) 25. Qf2 $1 (25. Bf5 $2 g6 (25... g6 {Horn,Pe} 26. Qe2
Be5 27. Rg1 Qh4 (27... Rxd1 28. Nxd1) 28. Qg2 Kh8 29. Bd7 Re7 30. Bg4 Rxd1 31.
Bxd1 $11)) (25. Rxd8 $2 Rxd8 26. Qf2 $2 hxg4 27. Qxf4 Qxh3+ 28. Kg1 g3 29.
Qxf7+ Kh8 $19) (25. Rg1 {Horn,Pe} Qh4) 25... hxg4 (25... Rxd1 $5 26. Nxd1 Qxf2
(26... hxg4 27. Qxf4 Qxf4 (27... Qxh3+ $6 28. Kg1 $14 g3 $140 $2 29. Qxf7+ Kh8
30. Qxe8+ Kh7 31. Rf2 $18) 28. Rxf4 Rd8 $1 $11) 27. Rxf2 Bg3 $5 28. Rf3 hxg4
29. Rxg3 Rxe4 30. hxg4 Re1+ 31. Rg1 Re2 $11) 26. Qxf4 Qxh3+ 27. Qh2 Qe3 $5 (
27... b5 $5 $13) 28. Qh5 $1 (28. Rde1 $6 Qg5 29. Rf5 $4 Qxf5 $19) 28... g6 29.
Qxg4 Rxd1 30. Qxd1 $8 (30. Rxd1 $2 Re5 $1 $19) 30... Qh3+ 31. Kg1 Qg3+ 32. Kh1
(32. Kh1 Qh3+ (32... Kg7 $6 33. Qd4+ Re5 34. Rf2 c5 35. Qd2 $14)) 1/2-1/2

[Event "Sautron op 15th"]
[Site "Sautron"]
[Date "2015.10.24"]
[Round "6.2"]
[White "Le Roux, Jean Pierre"]
[Black "Stany, George Anthony"]
[Result "1/2-1/2"]
[WhiteElo "2572"]
[BlackElo "2385"]
[Annotator "Stany,GA"]
[PlyCount "151"]
[EventDate "2015.10.24"]
[EventType "swiss"]
[EventRounds "9"]
[EventCountry "FRA"]
[SourceTitle "CBM 169 Extra"]
[Source "ChessBase"]
[SourceDate "2015.12.18"]
[SourceVersion "1"]
[SourceVersionDate "2015.12.18"]
[SourceQuality "1"]
[TimeControl "40/5400+30:1800+30"]

1. Nf3 Nf6 2. g3 g6 3. b3 Bg7 4. Bb2 O-O 5. Bg2 d5 6. c4 c6 7. O-O a5 8. Nc3
Ne4 (8... Na6 9. cxd5 cxd5 10. Rc1 Bg4 11. Ne5 Bf5 12. d3 Rc8 13. Qd2 Nb4 14.
a3 Nc6 15. Na4 Nxe5 16. Bxe5 b5 17. Rxc8 Bxc8 18. Nc5 Qb6 19. b4 axb4 20. axb4
e6 21. Qc3 Ne8 22. Ra1 Bxe5 23. Qxe5 Nd6 24. Ra8 Qc6 25. Ra7 Qb6 26. Ra2 Nb7
27. Qc3 Nxc5 28. bxc5 Qc6 29. d4 Bd7 30. e3 Ra8 31. Rxa8+ Qxa8 32. Bf1 Bc6 33.
Bd3 Qa4 34. Bc2 Qc4 35. Qb2 b4 36. Bb3 Qd3 37. Qc2 Qxc2 38. Bxc2 {Khismatullin,
D (2651)-Safarli,E (2657) Berlin 2015 0-1 (70)}) 9. Na4 Nd7 $146 (9... Bxb2 10.
Nxb2 Na6 11. d3 Nf6 12. d4 Bf5 13. Ne5 Qd6 14. e3 Rad8 15. Qe2 Be4 16. f3 Bf5
17. g4 Bc8 18. f4 Nd7 19. c5 {1/2-1/2 (19) Prusikin,M (2557)-Caruana,F (2690)
Switzerland 2011}) 10. Bxg7 Kxg7 11. Qc2 b5 12. Nc3 Nxc3 13. Qxc3+ Nf6 14. Ne5
Bb7 15. cxb5 cxb5 16. Qc5 b4 17. Rfc1 Ne4 18. Qc7 Ba6 19. Qxd8 Rfxd8 20. Nc6
Rd7 21. Nxa5 Bxe2 22. Nc6 e6 23. f3 Nxd2 24. Kf2 Bb5 25. Nd4 Rda7 26. Nxb5 Rxa2
27. Rxa2 Rxa2 28. Ke3 Nxb3 29. Rb1 Nd2 30. Rxb4 Nc4+ 31. Rxc4 dxc4 32. Bf1 Rxh2
33. Bxc4 {Here's the position from my game against Le Roux who was the top
seed of Sautron Open. After the next few moves I was completely winning but
missed the chance and after a long game it ended in a draw.} h5 34. f4 h4 35.
gxh4 Rh3+ $1 36. Ke4 Rxh4 37. Nd4 g5 38. Ne2 gxf4 39. Nxf4 {Now its Black to
play and win} Kf6 $6 (39... Kh6 $1 40. Ke5 (40. Ke3 e5 41. Bxf7 Rxf4) (40. Bxe6
Kg5 41. Bxf7 Rxf4+) 40... f6+ {I missed f6} 41. Kxf6 (41. Ke4 e5) 41... Rxf4+)
40. Ke3 e5 (40... Kg5 41. Nxe6+ fxe6 42. Bxe6) 41. Nd5+ Kg5 42. Be2 f5 43. Nc3
Rb4 44. Bd1 Rc4 45. Ne2 Re4+ 46. Kf3 Rh4 47. Bc2 Rh3+ 48. Kf2 Ra3 49. Bb1 e4
50. Bc2 Kf6 51. Nd4 Ke5 52. Nc6+ Kd5 (52... Kd6 53. Nd4 Kd5 $1 {was right} 54.
Nxf5 Rf3+) 53. Ne7+ Ke6 54. Nc6 Rc3 $6 {The bishop escapes now and becomes
more active} 55. Ba4 f4 56. Nd4+ Ke5 57. Ne2 Ra3 58. Bc6 Ra2 (58... Rh3 59. Ba8
Rh2+ 60. Ke1) 59. Ke1 {I think this position is draw but I am not 100% sure.}
Rb2 (59... f3 60. Ng3 e3 (60... f2+ 61. Kf1 e3 62. Kg2) 61. Bxf3 Kf4 62. Bd5)
60. Ba8 f3 61. Nc3 f2+ 62. Kf1 e3 63. Bf3 Kf4 64. Be2 Rb3 65. Nd1 Kg3 66. Bh5
Rb5 (66... Rd3 67. Be2) 67. Be2 Re5 68. Bd3 Re8 69. Ke2 Kf4 70. Nxf2 exf2+ 71.
Kxf2 Ra8 72. Ke2 Ra2+ 73. Kd1 Ke3 74. Bg6 Ra1+ 75. Kc2 Ra2+ 76. Kd1 1/2-1/2